Comparative security dynamics in north east asia and south asia / (Record no. 15854)

000 -LEADER
fixed length control field 02253nam a2200301 a 4500
001 - CONTROL NUMBER
control field ASIN8182744520
005 - DATE AND TIME OF LATEST TRANSACTION
control field 20170105102926.0
008 - FIXED-LENGTH DATA ELEMENTS--GENERAL INFORMATION
fixed length control field 131212s2010 xxu eng d
020 ## - INTERNATIONAL STANDARD BOOK NUMBER
International Standard Book Number 8182744520 (hardcover)
Terms of availability $44.95
020 ## - INTERNATIONAL STANDARD BOOK NUMBER
International Standard Book Number 9788182744523 (hardcover)
040 ## - CATALOGING SOURCE
Original cataloging agency 0
050 04 - LIBRARY OF CONGRESS CALL NUMBER
Classification number UA830
082 04 - DEWEY DECIMAL CLASSIFICATION NUMBER
Classification number 355.03305
Author Mark CHA 2010
100 1# - MAIN ENTRY--PERSONAL NAME
Personal name Chari, P.R.
245 10 - TITLE STATEMENT
Title Comparative security dynamics in north east asia and south asia /
Statement of responsibility, etc. P.R. Chari, Raghavan Vyjayanti.
260 ## - PUBLICATION, DISTRIBUTION, ETC.
Place of publication, distribution, etc. [S.l.] :
Name of publisher, distributor, etc. Pentagon Press,
Date of publication, distribution, etc. 2010.
300 ## - PHYSICAL DESCRIPTION
Extent 1 v. (unpaged) ;
Dimensions 22 cm.
520 ## - SUMMARY, ETC.
Summary, etc. Their threat perceptions are different, being informed by their unique historical experience. These geo-strategic particularities have molded their security postures. Both these regions are distinguished by the presence of adersarial dyads-North Korea-South Korea and Pakistan-India. These countries have single-mindedly pursued their quest for nuclear weapons, except for South Korea, that was dissuaded in its own nuclear endeavor by the United States. Consequently, the focus in this volume has been narrowed to the nuclear dimensions of the competition within these two adversarial dyads. Furthermore, attention has also been focused on the peace initiatives pursued by the two Koreas and between India and Pakistan, albeit with very limited success. Naturally, it is not possible to ignore the interactions of these adversarial dyads with the other countries in the two regions. China and Japan in Northeast Asia, and Afghanistan in South Asia are the important regional actors, apart from the United States, that inscribes a significant presence in both regions. This comparative study of the underlying security dynamics and peace processes in Northeast and South Asia has yielded useful lessons to guide them, but is also valuable for similarly placed adversarial dyads in the international system, at present, and in future.
650 #0 - SUBJECT ADDED ENTRY--TOPICAL TERM
Topical term or geographic name entry element Asia
650 #0 - SUBJECT ADDED ENTRY--TOPICAL TERM
Topical term or geographic name entry element East Asia
650 #0 - SUBJECT ADDED ENTRY--TOPICAL TERM
Topical term or geographic name entry element International relations
650 #0 - SUBJECT ADDED ENTRY--TOPICAL TERM
Topical term or geographic name entry element National security
650 #0 - SUBJECT ADDED ENTRY--TOPICAL TERM
Topical term or geographic name entry element Security, International
650 #0 - SUBJECT ADDED ENTRY--TOPICAL TERM
Topical term or geographic name entry element South Asia
700 1# - ADDED ENTRY--PERSONAL NAME
Personal name Vyjayanti, Raghavan.
856 40 - ELECTRONIC LOCATION AND ACCESS
Materials specified Amazon.com
Uniform Resource Identifier <a href="http://www.amazon.com/exec/obidos/ASIN/8182744520/chopaconline-20">http://www.amazon.com/exec/obidos/ASIN/8182744520/chopaconline-20</a>
942 ## - ADDED ENTRY ELEMENTS (KOHA)
Source of classification or shelving scheme
Koha item type Book
Holdings
Withdrawn status Lost status Damaged status Not for loan Collection code Permanent Location Current Location Shelving location Date acquired Total Checkouts Full call number Barcode Date last seen Price effective from Koha item type
          Centre for International Peace & Stability (CIPS) Centre for International Peace & Stability (CIPS) General Stacks 10/02/2013   355.03305 CHA 2010 CIPS0001943 12/12/2013 12/12/2013 Book
© 2023 Central Library, National University of Sciences and Technology. All Rights Reserved.